000 00377nam a2200157Ia 4500
008 230312s9999||||xx |||||||||||||| ||und||
020 _a0-415-65044-1
082 _a658.3
_bWOO-N
100 _aWoodall;Jean
245 0 _aNew Frontiers in HRD
260 _bRoutledge
_aUSA
_c2004
300 _a199
546 _aEng.
650 _aManagement
_vNew Frontiers in HRD
942 _cBK
999 _c9245
_d9245